Geografie dopravy III /

Hlavní autor: Mirvald, Stanislav, 1940-2002
Korporativní autor: Západočeská univerzita. Pedagogická fakulta
Jazyk: Čeština
Vydáno: V Plzni : Západočeská univerzita, 2002
Vydání: 1. vyd.
Témata:
Fyzický popis: 43 s. : il., mapy ; 21 cm
Knihy
Uloženo v:
LEADER 01173nam a2200325 a 4500
001 000585762
003 CZ BrMZK
005 20090224160516.0
007 ta
008 020204s2002 xr e p cze d
015 |a cnb001088643 
020 |a 80-7082-846-3 
035 |a (OCoLC)51189297 
040 |a BOA001  |b cze 
072 7 |a 911  |x Obecná geografie. Systematická geografie  |2 Konspekt  |9 7 
072 7 |a 37.016  |x Učební osnovy. Vyučovací předměty. Učebnice  |2 Konspekt  |9 22 
080 |a 911.3:656  |2 MRF 
080 |a (075.8)  |2 MRF 
100 1 |a Mirvald, Stanislav,  |d 1940-2002  |7 jn20001227443  |4 aut 
245 1 0 |a Geografie dopravy III /  |c Stanislav Mirvald 
250 |a 1. vyd. 
260 |a V Plzni :  |b Západočeská univerzita,  |c 2002 
300 |a 43 s. :  |b il., mapy ;  |c 21 cm 
504 |a Obsahuje bibliografii 
650 0 7 |a geografie dopravy a spojů  |7 ph120520  |2 czenas 
655 7 |a učebnice vysokých škol  |7 fd133772  |2 czenas 
710 2 |a Západočeská univerzita.  |b Pedagogická fakulta  |7 kn20010709437 
910 |a BOA001  |b 2-1097.476 
990 |a BK 
996 6 |b 2610152891  |c 2-1097.476  |l MZK  |r Sklad / do 1 hodiny  |n 15  |p p.v.  |w 000585762  |u 000010  |a 1  |e BOA001  |j MZK50  |s P